[Event "CARIFTA CHESS GAMES 2014 - UNDER 12"]
[Site "Schoelcher"]
[Date "2014.04.19"]
[Round "1.1"]
[White "Sandiford, Kyle"]
[Black "Berdix, Andrew"]
[Result "1-0"]
[WhiteElo "1486"]
[BlackElo "1050"]
[PlyCount "45"]
[EventDate "2014.??.??"]

1. e4 d5 2. exd5 Qxd5 3. Nc3 Qe5+ 4. Be2 Nf6 5. Nf3 Qf5 6. O-O h5 7. d4 Rh6 8.
Bxh6 gxh6 9. Qd3 Qe6 10. Rfe1 Bd7 11. Nb5 c6 12. Nc7+ Kd8 13. Nxe6+ Bxe6 14.
Rad1 b5 15. Ne5 Na6 16. Nxc6+ Ke8 17. Qxb5 Bc8 18. Nxa7+ Bd7 19. Qxa6 Bc8 20.
Qc6+ Nd7 21. Qxa8 Nb8 22. Bb5+ Bd7 23. Qxb8# 1-0

[Event "CARIFTA CHESS GAMES 2014 - UNDER 12"]
[Site "Schoelcher"]
[Date "2014.04.19"]
[Round "1.2"]
[White "Taye, Melvin"]
[Black "Bance, Alexis"]
[Result "0-1"]
[WhiteElo "1010"]
[BlackElo "1370"]
[PlyCount "82"]
[EventDate "2014.??.??"]

1. e4 e5 2. Bc4 Nf6 3. Nc3 Bc5 4. Nh3 O-O 5. O-O d6 6. d3 Bxh3 7. gxh3 Qd7 8.
Bg5 Ne8 9. Bb5 c6 10. Bc4 Qxh3 11. d4 exd4 12. Qd2 dxc3 13. Qxc3 Qg4+ 14. Qg3
Qxg3+ 15. hxg3 d5 16. exd5 b6 17. dxc6 Kh8 18. Bd2 Nxc6 19. b4 Nxb4 20. Rab1 a5
21. c3 Nc6 22. Bd5 Nd6 23. Rbe1 Nf5 24. Be6 Nxg3 25. Bc4 Nxf1 26. Rxf1 Ne5 27.
Be2 Rfe8 28. Bb5 Nf3+ 29. Kg2 Nxd2 30. Bxe8 Nxf1 31. Kxf1 Rxe8 32. Kg2 Re2 33.
a4 Rxf2+ 34. Kh3 f5 35. Kg3 f4+ 36. Kg4 f3 37. c4 h5+ 38. Kxh5 Rg2 39. Kh4 f2
40. Kh3 f1=Q 41. Kh4 Qh1# 0-1

[Event "CARIFTA CHESS GAMES 2014 - UNDER 12"]
[Site "Schoelcher"]
[Date "2014.04.19"]
[Round "1.3"]
[White "Nomel, Mathis"]
[Black "Casimir, Sarah"]
[Result "1-0"]
[WhiteElo "1180"]
[BlackElo "1009"]
[PlyCount "39"]
[EventDate "2014.??.??"]

1. e4 e5 2. Nf3 Bc5 3. Bc4 Qf6 4. Nc3 d6 5. h3 Nh6 6. Nd5 Qf4 7. Nxf4 Ng4 8.
O-O O-O 9. Nd5 a6 10. Ne7+ Kh8 11. Nxc8 Nf6 12. Ng5 d5 13. exd5 h6 14. Nf3 Ne4
15. d4 Nc6 16. dxc5 Nxc5 17. dxc6 Raxc8 18. cxb7 Nxb7 19. Nxe5 Nd8 20. Bxf7 {
Non legible.} 1-0

[Event "CARIFTA CHESS GAMES 2014 - UNDER 12"]
[Site "Schoelcher"]
[Date "2014.04.19"]
[Round "1.4"]
[White "Clarke, Kishan"]
[Black "Huyghues-Beaufond, Christopher"]
[Result "0-1"]
[WhiteElo "1009"]
[BlackElo "1120"]
[PlyCount "84"]
[EventDate "2014.??.??"]

1. e4 e5 2. Nf3 Nc6 3. Nc3 Bb4 4. Bc4 Bxc3 5. dxc3 Nf6 6. Bg5 O-O 7. O-O d6 8.
h3 h6 9. Bxf6 Qxf6 10. Qd2 Qg6 11. Rab1 Bxh3 12. Nh4 Qg4 13. g3 Qg5 14. Qxg5
hxg5 15. Ng2 Bxg2 16. Kxg2 Na5 17. Bd5 c6 18. Bc4 Nxc4 19. b3 Na3 20. Rbc1 Rfe8
21. Rfd1 Rad8 22. Rd3 d5 23. exd5 Rxd5 24. Rxd5 cxd5 25. Rd1 Nxc2 26. Rxd5 Ne1+
27. Kh3 Nf3 28. Kg2 g4 29. c4 e4 30. c5 Re5 31. Rxe5 Nxe5 32. b4 Nc6 33. a3 a5
34. bxa5 Nxa5 35. a4 Nb3 36. a5 Nxc5 37. f3 gxf3+ 38. Kh3 f2 39. Kg4 f1=Q 40.
Kg5 Ne6+ 41. Kh5 g6+ 42. Kh6 Qh1# 0-1

[Event "CARIFTA CHESS GAMES 2014 - UNDER 12"]
[Site "Schoelcher"]
[Date "2014.04.19"]
[Round "1.5"]
[White "Anselin, Djavan"]
[Black "Clarke, Nishani"]
[Result "1-0"]
[WhiteElo "1099"]
[BlackElo "1009"]
[PlyCount "115"]
[EventDate "2014.??.??"]

1. e4 e5 2. Nf3 Nc6 3. Bb5 Nf6 4. Nc3 Bb4 5. Bxc6 Bxc3 6. dxc3 dxc6 7. Qxd8+
Kxd8 8. Nxe5 Be6 9. O-O Kc8 10. Bg5 Nxe4 11. Rae1 Nxg5 12. a3 Bh3 13. f4 Nf3+
14. Rxf3 Be6 15. Rfe3 Rd8 16. Nc4 Bxc4 17. Re8 Bd5 18. b3 Kd7 19. Rxd8+ Rxd8
20. f5 Kc8 21. c4 Be4 22. Rxe4 Rd1+ 23. Kf2 Rd2+ 24. Re2 Rxe2+ 25. Kxe2 g6 26.
fxg6 hxg6 27. g4 f5 28. Kf3 Kd7 29. Kf4 Ke6 30. h4 Kf6 31. c3 c5 32. b4 b6 33.
bxc5 bxc5 34. a4 a5 35. h5 Kg7 36. gxf5 gxf5 37. Kxf5 Kh6 38. Ke5 Kxh5 39. Kd5
Kg4 40. Kxc5 Kf3 41. Kb5 Ke3 42. Kxa5 Kd3 43. Kb5 Kxc3 44. a5 Kb3 45. a6 Ka3
46. a7 Kb3 47. a8=Q Kc3 48. Kc5 Kd3 49. Kd5 Ke3 50. c5 Kf3 51. Qa4 Kg3 52. Ke5
Kh3 53. Kf5 Kh2 54. Qb3 c6 55. Kg4 Kh1 56. Qb2 Kg1 57. Kf3 Kh1 58. Qg2# 1-0

[Event "CARIFTA CHESS GAMES 2014 - UNDER 12"]
[Site "Schoelcher"]
[Date "2014.04.19"]
[Round "1.6"]
[White "Coat, Gabriel"]
[Black "Brieu, Levy"]
[Result "1-0"]
[WhiteElo "1009"]
[BlackElo "1099"]
[PlyCount "97"]
[EventDate "2014.??.??"]

1. e4 e5 2. Nf3 Nc6 3. Nc3 Nf6 4. Bc4 Bc5 5. d3 d6 6. Ng5 O-O 7. f3 Nh5 8. Nxf7
Qh4+ 9. g3 Nxg3 10. Bg5 Qh3 11. Bf4 Nxh1 12. Ng5+ d5 13. Bxd5+ Kh8 14. Nxh3
Bxh3 15. Bg3 Nd4 16. Bxe5 Nxf3+ 17. Ke2 Nxe5 18. Qxh1 Bg4+ 19. Kd2 Rf2+ 20. Kc1
Be3+ 21. Kb1 Raf8 22. Nd1 Rf1 23. Qxf1 Rxf1 24. a3 Rxd1+ 25. Ka2 Rd2 26. Rf1
Bc5 27. b4 Rxc2+ 28. Kb1 Rxh2 29. bxc5 Ng6 30. e5 c6 31. Rf7 cxd5 32. Rxb7 h6
33. Rb8+ Kh7 34. c6 Ne7 35. c7 Re2 36. d4 Bf5+ 37. Ka1 g5 38. Re8 Nc6 39. Rf8
Bh3 40. Rf3 Bg4 41. Rf7+ Kg6 42. Rf6+ Kh5 43. Rxc6 Bd7 44. Rd6 Bh3 45. Rxd5 Rc2
46. Rc5 Rxc5 47. dxc5 g4 48. c8=Q g3 49. Qxh3+ 1-0

[Event "CARIFTA CHESS GAMES 2014 - UNDER 12"]
[Site "Schoelcher"]
[Date "2014.04.19"]
[Round "1.7"]
[White "Clarke, Adani"]
[Black "Coppet, Clemence"]
[Result "1-0"]
[WhiteElo "1099"]
[BlackElo "1009"]
[PlyCount "51"]
[EventDate "2014.??.??"]

1. d4 d5 2. c4 Nf6 3. e3 g5 4. Nf3 Bh6 5. Nc3 O-O 6. Bd3 Be6 7. b3 Nc6 8. O-O
a5 9. e4 Ra6 10. cxd5 b6 11. dxc6 b5 12. Bxb5 Rb6 13. Bxg5 Rxb5 14. Nxb5 Bxg5
15. Nxg5 h6 16. Nxe6 Nxe4 17. Nxd8 a4 18. Re1 f6 19. Ne6 h5 20. Nxf8 Kxf8 21.
Rxe4 f5 22. Rh4 e5 23. Qxh5 e4 24. Qh7 e3 25. Qxc7 e2 26. Rh8# 1-0

[Event "CARIFTA CHESS GAMES 2014 - UNDER 12"]
[Site "Schoelcher"]
[Date "2014.04.19"]
[Round "1.8"]
[White "Daney De Marcillac, Pierre-Francois"]
[Black "Cliryx, Ilian"]
[Result "0-1"]
[WhiteElo "1009"]
[BlackElo "1099"]
[PlyCount "52"]
[EventDate "2014.??.??"]

1. e4 e5 2. Bc4 Nf6 3. Nc3 Bb4 4. Nf3 h6 5. d3 Bxc3+ 6. bxc3 d5 7. exd5 Nxd5 8.
Bxd5 Qxd5 9. c4 Qd7 10. Nxe5 Qe6 11. d4 f6 12. d5 Qxe5+ 13. Be3 c6 14. f4 Qxe3+
15. Qe2 Qxe2+ 16. Kxe2 cxd5 17. cxd5 O-O 18. d6 Rd8 19. Rhd1 Bg4+ 20. Ke1 Bxd1
21. Kxd1 Rxd6+ 22. Kc1 Nc6 23. f5 Rad8 24. g4 Na5 25. Rb1 Nc4 26. Rxb7 Rd1# 0-1

[Event "CARIFTA CHESS GAMES 2014 - UNDER 12"]
[Site "Schoelcher"]
[Date "2014.04.19"]
[Round "1.9"]
[White "Inkim, Mathew"]
[Black "Drieux, Nilsen"]
[Result "1-0"]
[WhiteElo "1099"]
[BlackElo "1009"]
[PlyCount "29"]
[EventDate "2014.??.??"]

1. e4 d6 2. Nc3 Na6 3. Nf3 d5 4. exd5 Bd7 5. Bc4 b6 6. Bxa6 e6 7. dxe6 fxe6 8.
d4 Nf6 9. O-O Nd5 10. Nxd5 exd5 11. Re1+ Be7 12. Bg5 h6 13. Bxe7 Qb8 14. Qd3 b5
15. Qg6# 1-0

[Event "CARIFTA CHESS GAMES 2014 - UNDER 12"]
[Site "Schoelcher"]
[Date "2014.04.19"]
[Round "1.10"]
[White "Hoogendam, Tijn"]
[Black "Meynard, Cedrick"]
[Result "1-0"]
[WhiteElo "1009"]
[BlackElo "1099"]
[PlyCount "99"]
[EventDate "2014.??.??"]

1. e4 e5 2. Nf3 Nc6 3. Bc4 Nf6 4. c3 Nxe4 5. O-O d5 6. Bb3 Be6 7. Re1 Qf6 8. d3
Nc5 9. d4 Ne4 10. Bc2 Qg6 11. Nh4 Qf6 12. Bxe4 dxe4 13. Rxe4 Bd5 14. dxe5 Qe7
15. Qxd5 Rd8 {15...0-0-0.} 16. Qc4 Kd7 17. Qd5+ Kc8 18. Nf5 Kb8 19. Rd4 a6 20.
Nxe7 Rxd5 21. Rxd5 Bxe7 22. Be3 b6 23. Na3 h5 24. Rad1 g5 25. f4 gxf4 26. Bxf4
Rg8 27. e6 fxe6 28. Rxh5 e5 29. Bxe5 Nxe5 30. Rxe5 Bc5+ 31. Kh1 Bd6 32. Red5
Rh8 33. h3 Kb7 34. Nc4 Be7 35. Rd7 Bf6 36. Nd6+ Kb8 37. Nf7 Rf8 38. Nd8 Rg8 39.
Nc6+ Kb7 40. Ne7 Rg7 41. Nf5 Rg8 42. Rf7 Be5 43. Nd6+ Kb8 44. Nc4 Bg3 45. Rdf1
Kb7 46. R1f6 Kb8 47. Rf8+ Rxf8 48. Rxf8+ Kb7 49. Rg8 Bf2 50. g4 1-0

[Event "CARIFTA CHESS GAMES 2014 - UNDER 12"]
[Site "Schoelcher"]
[Date "2014.04.19"]
[Round "1.11"]
[White "Rapier, Alexandre"]
[Black "Mack, Christian"]
[Result "1-0"]
[WhiteElo "1099"]
[BlackElo "1009"]
[PlyCount "77"]
[EventDate "2014.??.??"]

1. c4 e5 2. Nc3 Bb4 3. Nf3 Nc6 4. d3 Nf6 5. Bg5 Be7 6. e4 h6 7. Bxf6 Bxf6 8.
Nd5 Bg5 9. Nxg5 hxg5 10. Be2 d6 11. b3 Nd4 12. O-O Nxe2+ 13. Qxe2 g4 14. g3 Qg5
15. f4 Qh6 16. f5 f6 17. h4 gxh3 18. Kh2 Bd7 19. Nxc7+ Kd8 20. Nxa8 Be8 21. g4
g5 22. Rg1 Bh5 23. gxh5 g4 24. Rxg4 Qxh5 25. Rag1 Qf7 26. Rg7 Qf8 27. R1g6 Kc8
28. Qg4 b6 29. Rg8 Rxg8 30. Rxg8 Qxg8 31. Qxg8+ Kb7 32. Qg7+ Kxa8 33. Qxf6 Kb7
34. Qxd6 Ka6 35. f6 Kb7 36. f7 Ka6 37. f8=Q Ka5 38. Qxe5+ Ka6 39. Qc8# 1-0

[Event "CARIFTA CHESS GAMES 2014 - UNDER 12"]
[Site "Schoelcher"]
[Date "2014.04.19"]
[Round "1.12"]
[White "Mossi, Benoit"]
[Black "Rapier, Marc-Antoine"]
[Result "1-0"]
[WhiteElo "1009"]
[BlackElo "1099"]
[PlyCount "39"]
[EventDate "2014.??.??"]

1. e4 e5 2. Nc3 Nc6 3. Nf3 Nf6 4. Bc4 Bc5 5. d3 d6 6. Bg5 Bg4 7. Nd5 O-O 8.
Nxf6+ gxf6 9. Bh6 Re8 10. Qd2 Kh8 11. Nh4 f5 12. Bxf7 Re6 13. Bxe6 Qxh4 14. g3
Qxh6 15. Qxh6 Nd4 16. Rc1 Bb4+ 17. c3 Nf3+ 18. Kd1 Ng5+ 19. Kc2 Bc5 20. Qf6#
1-0

[Event "CARIFTA CHESS GAMES 2014 - UNDER 12"]
[Site "Schoelcher"]
[Date "2014.04.19"]
[Round "1.13"]
[White "Thorpe, Jaleel"]
[Black "Rubinel, Alexis"]
[Result "1-0"]
[WhiteElo "1099"]
[BlackElo "1009"]
[PlyCount "121"]
[EventDate "2014.??.??"]

1. d4 d5 2. c4 dxc4 3. e3 Nf6 4. Bxc4 e6 5. Nf3 Bb4+ 6. Bd2 Bxd2+ 7. Nbxd2 O-O
8. O-O Re8 9. Rc1 h6 10. Qc2 Ng4 11. h3 Nf6 12. Bd3 c6 13. Rfe1 Na6 14. a3 Bd7
15. b4 Qc7 16. e4 g6 17. e5 Nh7 18. Ne4 f5 19. exf6 Rf8 20. Ne5 Nxf6 21. Nxf6+
Rxf6 22. Bxg6 Be8 23. Be4 Rd8 24. Red1 Nb8 25. b5 Bh5 26. Rd2 Nd7 27. Nxd7 Rxd7
28. bxc6 bxc6 29. Qxc6 Qxc6 30. Rxc6 Rdf7 31. g4 Bg6 32. Bxg6 Rxg6 33. d5 Rd7
34. d6 e5 35. Rc8+ Kf7 36. Rc7 Rxc7 37. dxc7 Rg8 38. Rc2 Rc8 39. Kg2 Kf6 40. h4
e4 41. f4 exf3+ 42. Kxf3 Kg6 43. Kg3 Kh7 44. g5 hxg5 45. hxg5 a5 46. Kg4 Kg8
47. Rc6 Kf7 48. Kf5 Kg7 49. Ke6 Re8+ 50. Kd7 Rg8 51. c8=Q Rxc8 52. Kxc8 Kg8 53.
Kb7 a4 54. Kb6 Kf8 55. Kc5 Ke8 56. Rc7 Kd8 57. Kd6 Ke8 58. g6 Kf8 59. Ke6 Kg8
60. Kf6 Kh8 61. Rc8# 1-0

[Event "CARIFTA CHESS GAMES 2014 - UNDER 12"]
[Site "Schoelcher"]
[Date "2014.04.19"]
[Round "1.14"]
[White "Sandiford, Leigh"]
[Black "Yearwood, Sean"]
[Result "0-1"]
[WhiteElo "1009"]
[BlackElo "1099"]
[PlyCount "50"]
[EventDate "2014.??.??"]

1. e4 c5 2. Bc4 d6 3. d4 cxd4 4. Qxd4 Nc6 5. Qd5 e6 6. Qd1 Nf6 7. Nc3 a6 8. Bg5
Be7 9. Nf3 b5 10. Bb3 Bb7 11. O-O O-O 12. Re1 Qb6 13. Bxf6 Bxf6 14. e5 dxe5 15.
Nxe5 Bxe5 16. Qh5 Bd4 17. Ne4 Ne5 18. Ng5 h6 19. c3 Bxf2+ 20. Kh1 Bxe1 21. Rxe1
Qf2 22. Rg1 hxg5 23. Qxg5 Nf3 24. Qc1 Nxh2 25. Kxh2 Qh4# 0-1

[Event "CARIFTA CHESS GAMES 2014 - UNDER 12"]
[Site "Schoelcher"]
[Date "2014.04.19"]
[Round "1.15"]
[White "Sebastien, Sunny"]
[Black "Severin, Noa"]
[Result "1-0"]
[WhiteElo "1060"]
[BlackElo "1009"]
[PlyCount "59"]
[EventDate "2014.??.??"]

1. e4 d5 2. exd5 Qd6 3. Nf3 Qxd5 4. Nc3 Qd6 5. Ng5 Qf6 6. Nge4 Qh6 7. d4 e6 8.
Bxh6 gxh6 9. Nb5 Bb4+ 10. c3 Be7 11. Nxc7+ Kf8 12. Nxa8 f5 13. Nc5 Nf6 14. Qa4
Ng4 15. Qxa7 Bh4 16. g3 Bg5 17. Qxb8 Be7 18. Qxc8+ Kg7 19. Qxb7 Nf6 20. Nxe6+
Kf7 21. Nf4 Kg7 22. Bd3 Nd7 23. Qxd7 Rxa8 24. Qxe7+ Kh8 25. O-O Kg8 26. Rfe1 h5
27. Re6 Rb8 28. Rd6 Kh8 29. Bb5 Rxb5 30. Rd8# 1-0

[Event "CARIFTA CHESS GAMES 2014 - UNDER 12"]
[Site "Schoelcher"]
[Date "2014.04.19"]
[Round "1.16"]
[White "Smith, Nathan"]
[Black "Sorrente, Layana"]
[Result "1-0"]
[WhiteElo "1009"]
[BlackElo "1060"]
[PlyCount "53"]
[EventDate "2014.??.??"]

1. e4 e5 2. Nf3 Nc6 3. Nc3 Nf6 4. d4 Qe7 5. d5 Nb4 6. a3 Na6 7. Bc4 Qd6 8. Be3
Ng4 9. Bg5 Qc5 10. Qe2 d6 11. O-O c6 12. dxc6 Qxc6 13. Bb5 Qd7 14. Bxd7+ Bxd7
15. h3 Nf6 16. Bxf6 gxf6 17. Nd5 Be6 18. Qb5+ Bd7 19. Nxf6+ Ke7 20. Nxd7 Bg7
21. Qxb7 Rhd8 22. Nb6+ Ke6 23. Ng5+ Kf6 24. Qxf7+ Kxg5 25. Qxg7+ Kh5 26. g4+
Kh4 27. Qh6# 1-0

[Event "CARIFTA CHESS GAMES 2014 - UNDER 12"]
[Site "Schoelcher"]
[Date "2014.04.19"]
[Round "2.1"]
[White "Rapier, Alexandre"]
[Black "Sandiford, Kyle"]
[Result "0-1"]
[WhiteElo "1099"]
[BlackElo "1486"]
[PlyCount "100"]
[EventDate "2014.??.??"]

1. c4 d5 2. Nc3 dxc4 3. e4 e5 4. Nf3 Nc6 5. d3 cxd3 6. Bxd3 Bg4 7. Bg5 Bxf3 8.
Qxf3 Qxg5 9. g3 Nd4 10. Qd1 Nf6 11. Nb5 Nxb5 12. Bxb5+ c6 13. Bc4 Nxe4 14. Qd3
Bb4+ 15. Kf1 Nd2+ 16. Kg2 Nxc4 17. Qxc4 Be7 18. Qd3 O-O 19. Rhe1 Rad8 20. Qc2
Rfe8 21. Qc3 Bf6 22. Qb3 Rd7 23. Qc4 Qd2 24. Red1 Qxd1 25. Rxd1 Rxd1 26. Qb3
Rd7 27. a4 e4 28. a5 a6 29. Kh3 Re5 30. Kg2 Rxa5 31. Qb6 Rb5 32. Qa7 h6 33.
Qb8+ Rd8 34. Qf4 Rd4 35. f3 Rxb2+ 36. Kh3 exf3 37. Qxf3 Rdd2 38. Qh1 Rxh2+ 39.
Qxh2 Rxh2+ 40. Kxh2 a5 41. g4 a4 42. g5 Bxg5 43. Kg3 a3 44. Kg4 a2 45. Kf5 b5
46. Ke5 a1=Q+ 47. Kd6 Qf6+ 48. Kc7 Bf4+ 49. Kb6 Qd4+ 50. Kb7 c5 0-1

[Event "CARIFTA CHESS GAMES 2014 - UNDER 12"]
[Site "Schoelcher"]
[Date "2014.04.19"]
[Round "2.2"]
[White "Bance, Alexis"]
[Black "Thorpe, Jaleel"]
[Result "1-0"]
[WhiteElo "1370"]
[BlackElo "1099"]
[PlyCount "45"]
[EventDate "2014.??.??"]

1. d4 e6 2. e3 f5 3. Nf3 Nf6 4. Nc3 Bb4 5. Bd2 O-O 6. Bd3 Bxc3 7. Bxc3 Nc6 8.
O-O Ne4 9. Bxe4 fxe4 10. Ne5 d5 11. Nxc6 bxc6 12. Qe2 Rf6 13. f3 exf3 14. Rxf3
Rg6 15. e4 e5 16. Qf2 dxe4 17. Re3 exd4 18. Bxd4 Qxd4 19. c3 Qb6 20. Rf1 Bh3
21. Qf7+ Kh8 22. Qf8+ Rxf8 23. Rxf8# 1-0

[Event "CARIFTA CHESS GAMES 2014 - UNDER 12"]
[Site "Schoelcher"]
[Date "2014.04.19"]
[Round "2.3"]
[White "Yearwood, Cm-Sean"]
[Black "Nomel, Mathis"]
[Result "1-0"]
[WhiteElo "1099"]
[BlackElo "1180"]
[PlyCount "53"]
[EventDate "2014.??.??"]

1. e4 e5 2. Nf3 d6 3. Bc4 Bg4 4. Nc3 Nc6 5. d3 Nd4 6. Be3 Nxf3+ 7. gxf3 Bh5 8.
Qe2 c6 9. Rg1 Qf6 10. Rg3 Qh4 11. h3 g6 12. Bg5 Bxf3 13. Bxf7+ Kd7 14. Bxh4
Bxe2 15. Nxe2 Nh6 16. Bb3 Bg7 17. O-O-O Rhf8 18. Rf1 Nf7 19. f4 exf4 20. Nxf4
g5 21. Be6+ Ke7 22. Bxf7 gxh4 23. Rxg7 Rxf7 24. Ng6+ hxg6 25. Rgxf7+ Ke6 26. d4
d5 27. R1f6# 1-0

[Event "CARIFTA CHESS GAMES 2014 - UNDER 12"]
[Site "Schoelcher"]
[Date "2014.04.19"]
[Round "2.5"]
[White "Sorrente, Yohann"]
[Black "Anselin, Djavan"]
[Result "0-1"]
[WhiteElo "1060"]
[BlackElo "1099"]
[PlyCount "124"]
[EventDate "2014.??.??"]

1. e4 e5 2. Bc4 Nf6 3. Bb3 d5 4. exd5 Nxd5 5. Qh5 g6 6. Qf3 Nf6 7. Qc3 Nc6 8.
Qc4 Qe7 9. d3 Na5 10. Qa4+ Nc6 11. Bd2 Bd7 12. Bb4 Qxb4+ 13. c3 Qxa4 14. Bxa4
e4 15. dxe4 Nxe4 16. Kf1 Ne5 17. Bxd7+ Nxd7 18. f3 Ng5 19. Ne2 Nc5 20. Ke1 Nd3+
21. Kd2 Nf2 22. Rf1 Rd8+ 23. Ke1 Nd3+ 24. Kd2 Bg7 25. f4 Ne6 26. f5 gxf5 27.
Rxf5 Nb4+ 28. Kc1 Nd3+ 29. Kc2 Ne1+ 30. Kb3 Nxg2 31. Na3 Ne3 32. Rf3 Rd1 33.
Rxd1 Nxd1 34. c4 Bd4 35. Kb4 Nxb2 36. c5 Bxc5+ 37. Kb3 Bd4 38. h4 h5 39. Nf4
Be5 40. Nxe6 fxe6 41. Rf2 Rg8 42. Nb5 Nd1 43. Nxc7+ Bxc7 44. Re2 Ke7 45. Rc2
Kd7 46. Rd2+ Bd6 47. Rxd1 Rg4 48. a4 Rxh4 49. Rf1 Rh3+ 50. Kb2 Rh2+ 51. Kb1 Ba3
52. Rf7+ Kc6 53. Rf6 Rb2+ 54. Ka1 h4 55. Rxe6+ Kc5 56. Re7 Kc4 57. Rxb7 Rxb7
58. a5 Rg7 59. a6 Rg2 60. Kb1 h3 61. Ka1 h2 62. Kb1 h1=Q# 0-1

[Event "CARIFTA CHESS GAMES 2014 - UNDER 12"]
[Site "Schoelcher"]
[Date "2014.04.19"]
[Round "2.6"]
[White "Coat, Gabriel"]
[Black "Clarke, Adani"]
[Result "0-1"]
[WhiteElo "1009"]
[BlackElo "1099"]
[PlyCount "88"]
[EventDate "2014.??.??"]

1. e4 e6 2. c3 d5 3. f3 c5 4. d4 Nc6 5. Be3 Qb6 6. Bg5 Qxb2 7. Nd2 Qxc3 8. Rc1
Qxd4 9. Ne2 Qb4 10. Rb1 Qa5 11. Ng3 f6 12. Rb5 Qc7 13. Be3 d4 14. Bf2 Bd6 15.
Nc4 a6 16. Nxd6+ Qxd6 17. Rb2 b5 18. Be3 c4 19. f4 c3 20. Qh5+ g6 21. e5 gxh5
22. exd6 cxb2 23. Bd3 dxe3 24. Nxh5 Kd7 25. Ke2 Nb4 26. Bb1 Kxd6 27. Be4 Rb8
28. Rd1+ Ke7 29. Kxe3 Nxa2 30. Rd2 Nc3 31. Rxb2 Nxe4 32. Kxe4 a5 33. Re2 b4 34.
f5 exf5+ 35. Kd5+ Kf7 36. Kc6 b3 37. Kc7 b2 38. Kd6 b1=Q 39. Nf4 Rb6+ 40. Kc5
Qb5+ 41. Kd4 Rc6 42. Ke3 Qe5+ 43. Kd3 Rd6+ 44. Kc4 Ba6+ 0-1

[Event "CARIFTA CHESS GAMES 2014 - UNDER 12"]
[Site "Schoelcher"]
[Date "2014.04.19"]
[Round "2.7"]
[White "Cliryx, Ilian"]
[Black "Hoogendam, Tijn"]
[Result "1-0"]
[WhiteElo "1099"]
[BlackElo "1009"]
[PlyCount "77"]
[EventDate "2014.??.??"]

1. e4 e5 2. Nf3 Nc6 3. Bb5 Nf6 4. Nc3 Bc5 5. h3 O-O 6. d3 Re8 7. O-O Nd4 8. Be3
c6 9. Bc4 d5 10. Bb3 Nxb3 11. axb3 d4 12. Na4 dxe3 13. Nxc5 exf2+ 14. Rxf2 b6
15. Na4 Bb7 16. Nc3 c5 17. g4 a6 18. Rd2 Qc7 19. Nh2 Red8 20. g5 Ne8 21. Nf3
Rd7 22. Qe1 Rad8 23. Qg3 b5 24. Qxe5 Qxe5 25. Nxe5 Re7 26. Nf3 Red7 27. Rad1 f5
28. gxf6 Nxf6 29. d4 b4 30. Na4 Nxe4 31. Ne5 Rd6 32. Nxc5 Nxc5 33. Rf2 Ne4 34.
Rf4 Rxd4 35. Rxd4 Rxd4 36. c3 Rd2 37. Rf7 Bd5 38. Rd7 bxc3 39. Rd8# 1-0

[Event "CARIFTA CHESS GAMES 2014 - UNDER 12"]
[Site "Schoelcher"]
[Date "2014.04.19"]
[Round "2.8"]
[White "Mossi, Benoit"]
[Black "Inkim, Mathew"]
[Result "0-1"]
[WhiteElo "1009"]
[BlackElo "1099"]
[PlyCount "40"]
[EventDate "2014.??.??"]

1. e4 e5 2. Nf3 Nc6 3. Nc3 Nf6 4. Bc4 Bc5 5. d3 d6 6. Bg5 Bg4 7. Qd2 O-O 8.
O-O-O Nd4 9. h3 Bxf3 10. gxf3 Nxf3 11. Qe2 Nxg5 12. Qh5 Nxh5 13. h4 Nf3 14. Rh3
Nxh4 15. Rg1 Bxf2 16. Rf1 Qg5+ 17. Kb1 Qg2 18. Rhh1 Ng3 19. Rxh4 Qxf1+ 20. Nd1
Qxd1# 0-1

[Event "CARIFTA CHESS GAMES 2014 - UNDER 12"]
[Site "Schoelcher"]
[Date "2014.04.19"]
[Round "2.9"]
[White "Brieu, Levy"]
[Black "Smith, Cm-Nathan"]
[Result "0-1"]
[WhiteElo "1099"]
[BlackElo "1009"]
[PlyCount "64"]
[EventDate "2014.??.??"]

1. e4 e5 2. Nf3 Nc6 3. Nc3 Nf6 4. Bc4 Bc5 5. d3 d6 6. Bg5 h6 7. Bxf6 Qxf6 8.
Nd5 Qd8 9. O-O O-O 10. h3 Be6 11. Re1 Nd4 12. c3 Nxf3+ 13. Qxf3 c6 14. Ne3 b5
15. Bxe6 fxe6 16. Qg3 Qf6 17. Ng4 Qg6 18. d4 exd4 19. cxd4 Bxd4 20. Red1 Bxf2+
21. Nxf2 Qxg3 22. Rf1 Rf6 23. Rad1 Raf8 24. Rd3 Qxd3 25. Nxd3 Rxf1+ 26. Kh2 d5
27. e5 d4 28. Nc5 Rd8 29. b3 d3 30. Nxe6 Re8 31. Nc5 d2 32. e6 d1=Q 0-1

[Event "CARIFTA CHESS GAMES 2014 - UNDER 12"]
[Site "Schoelcher"]
[Date "2014.04.19"]
[Round "2.10"]
[White "Meynard, Cedrick"]
[Black "Coppet, Clemence"]
[Result "1-0"]
[WhiteElo "1099"]
[BlackElo "1009"]
[PlyCount "45"]
[EventDate "2014.??.??"]

1. e4 e5 2. Nf3 Nf6 3. Nc3 g5 4. Nxe5 d6 5. Nf3 Nc6 6. d4 Be6 7. d5 Bh6 8. dxc6
O-O 9. cxb7 Rb8 10. Bxg5 Rxb7 11. Bxh6 d5 12. Bxf8 Kxf8 13. e5 Ne4 14. Nxe4
dxe4 15. Qxd8+ Kg7 16. Nh4 Rb5 17. f4 Bd5 18. Bxb5 Be6 19. O-O-O Bxa2 20. b3
Bxb3 21. cxb3 c6 22. Qf6+ Kg8 23. Rd8# 1-0

[Event "CARIFTA CHESS GAMES 2014 - UNDER 12"]
[Site "Schoelcher"]
[Date "2014.04.19"]
[Round "2.11"]
[White "Rapier, Marc-Antoine"]
[Black "Daney De Marcillac, Pierre-Francois"]
[Result "1-0"]
[WhiteElo "1099"]
[BlackElo "1009"]
[PlyCount "45"]
[EventDate "2014.??.??"]

1. e4 e5 2. Nf3 Nc6 3. Nc3 Nf6 4. Bc4 Bc5 5. d3 d6 6. Bg5 Bg4 7. h3 Bxf3 8.
Qxf3 h6 9. Bh4 Nd4 10. Qg3 Nxc2+ 11. Ke2 Nxa1 12. Rxa1 Bd4 13. Nd5 Nxd5 14.
Bxd8 Kxd8 15. Bxd5 Bxb2 16. Rb1 c6 17. Bxf7 Rf8 18. Qh4+ Kd7 19. Qg3 Rxf7 20.
Rxb2 h5 21. Rxb7+ Ke8 22. Qg6 Rd8 23. Qxf7# 1-0

[Event "CARIFTA CHESS GAMES 2014 - UNDER 12"]
[Site "Schoelcher"]
[Date "2014.04.19"]
[Round "2.12"]
[White "Sorrente, Layana"]
[Black "Drieux, Nilsen"]
[Result "1-0"]
[WhiteElo "1060"]
[BlackElo "1009"]
[PlyCount "57"]
[EventDate "2014.??.??"]

1. e4 c5 2. Bc4 Nc6 3. Qf3 d5 4. exd5 Na5 5. Bb5+ Bd7 6. Bd3 a6 7. d6 exd6 8.
Be4 g6 9. Bd5 Qe7+ 10. Ne2 Nf6 11. d3 Nxd5 12. Qxd5 Bg7 13. Bd2 Nc6 14. O-O O-O
15. Nf4 Be6 16. Qe4 f5 17. Qf3 g5 18. Nh5 Bxb2 19. Re1 Bxa1 20. Nc3 Ne5 21. Qe3
f4 22. Qe4 Rf5 23. Rxa1 Rff8 24. Nd5 Bxd5 25. Qxd5+ Rf7 26. Re1 Nd7 27. Rxe7
Nb6 28. Qxf7+ Kh8 29. Bc3# 1-0

[Event "CARIFTA CHESS GAMES 2014 - UNDER 12"]
[Site "Schoelcher"]
[Date "2014.04.19"]
[Round "2.13"]
[White "Berdix, Andrew"]
[Black "Mack, Christian"]
[Result "0-1"]
[WhiteElo "1050"]
[BlackElo "1009"]
[PlyCount "54"]
[EventDate "2014.??.??"]

1. d4 d5 2. e3 Nc6 3. Be2 f6 4. Bh5+ g6 5. Bf3 e5 6. Nc3 Be6 7. e4 dxe4 8. Bxe4
Nxd4 9. Nge2 Bg4 10. Bxb7 Rb8 11. Ba6 Bb4 12. Be3 Bxe2 13. Qd2 Bxa6 14. Na4
Nxc2+ 15. Kd1 Bxd2 16. Bxd2 Nxa1 17. Nc5 Bb5 18. Ne6 Qd7 19. Nc5 Qc6 20. Be3
Ba4+ 21. b3 Qd6+ 22. Bd2 Qxc5 23. Be3 Qc6 24. bxa4 Rd8+ 25. Ke2 Qd5 26. Rxa1 e4
27. Rd1 Qxd1# 0-1

[Event "CARIFTA CHESS GAMES 2014 - UNDER 12"]
[Site "Schoelcher"]
[Date "2014.04.19"]
[Round "2.14"]
[White "Rubinel, Alexis"]
[Black "Taye, Melvin"]
[Result "1-0"]
[WhiteElo "1009"]
[BlackElo "1010"]
[PlyCount "141"]
[EventDate "2014.??.??"]

1. e4 e5 2. Nf3 Nc6 3. Bc4 Bc5 4. O-O Nf6 5. Re1 Nd4 6. Nxe5 d6 7. Nxf7 Qe7 8.
Nxh8 Bg4 9. f3 Nxc2+ 10. d4 Bxd4+ 11. Kh1 Nxa1 12. fxg4 Nxe4 13. Qxd4 Nc2 14.
Rxe4 Nxd4 15. Rxe7+ Kxe7 16. Nf7 c6 17. Ng5 d5 18. Be3 dxc4 19. Bxd4 Rd8 20.
Bc5+ Kd7 21. h3 h6 22. Nf7 Re8 23. Nc3 Re1+ 24. Kh2 Ke6 25. Bf2 Rc1 26. Nd8+
Kd7 27. Nxb7 Rc2 28. Bd4 Rxb2 29. Nc5+ Kd6 30. Nb5+ Rxb5 31. Ne4+ Kc7 32. Bxg7
Ra5 33. Bxh6 Rxa2 34. Bf4+ Kb6 35. Nc3 Rc2 36. Na4+ Ka5 37. Nc5 c3 38. g5 Rf2
39. g6 Rxf4 40. g7 c2 41. Nd3 Rd4 42. g8=Q c1=Q 43. Nxc1 Rd1 44. Qa2+ Kb6 45.
Qb3+ Kc5 46. Qxd1 a5 47. Nb3+ Kb5 48. Qd3+ Kb4 49. h4 c5 50. h5 c4 51. Qe4 a4
52. h6 axb3 53. h7 Kc3 54. h8=Q+ Kb4 55. Qc6 b2 56. Qb8+ Kc3 57. Qf3+ Kc2 58.
Qf2+ Kd3 59. Qbxb2 c3 60. Qfc2+ Kc4 61. Qcxc3+ Kd5 62. Qbd2+ Ke4 63. Qce3+ Kf5
64. Qdf2+ Kg4 65. Qff4+ Kh5 66. Qh3+ Kg6 67. Qfg4+ Kf6 68. Qe4 Kf7 69. Qf4+ Kg6
70. Qhg3+ Kh5 71. Qfg5# 1-0